The record shelf guide to classical CDs and audiocassettes /

Bibliographic Details
Main Author: Svejda, Jim
Format: Book
Language:English
Published: Rocklin, CA : Prima, [1995]
Edition:Rev. and expanded 4th ed.
Subjects:

MARC

Tag First Indicator Second Indicator Subfields
LEADER 00000cam a2200000 a 4500
001 in00001237281
005 20151003062359.0
008 940524s1995 cau ko 001 0 eng
010 |a  94021510  
020 |a 1559585730 :  |c $18.95 ($26.50 Can.) 
035 |a (OCoLC)30625438 
035 |9 AGS7582AM 
040 |a DLC  |c DLC  |d UtOrBLW 
049 |a TXAM 
050 0 0 |a ML156.9  |b .S86 1995 
082 0 0 |a 780.26/6  |2 20 
100 1 |a Svejda, Jim. 
240 1 0 |a Record shelf guide to the classical repertoire 
245 1 4 |a The record shelf guide to classical CDs and audiocassettes /  |c Jim Svejda. 
250 |a Rev. and expanded 4th ed. 
264 1 |a Rocklin, CA :  |b Prima,  |c [1995] 
264 4 |c ©1995 
300 |a xiv, 642 pages ;  |c 23 cm. 
336 |a text  |b txt  |2 rdacontent 
337 |a unmediated  |b n  |2 rdamedia 
338 |a volume  |b nc  |2 rdacarrier 
500 |a Previous edition published under title: Record shelf guide to the classical repertoire. 
500 |a Includes index. 
650 0 |a Sound recordings  |v Reviews. 
650 0 |a Audiocassettes  |x Reviews. 
650 0 |a Compact discs  |v Reviews. 
650 0 |a Music  |v Discography. 
730 0 |a Record shelf. 
999 |a MARS 
999 f f |s 0cc8a72d-f23f-3c74-8250-36c411001722  |i 4e8359b1-e5ea-3bf0-ade9-46d626e3dd41  |t 0 
952 f f |p ric  |a Texas A&M University  |b Rellis Campus  |c Joint Library Facility  |d Remote Storage  |t 0  |e ML156.9 .S86 1995  |h Library of Congress classification  |i unmediated -- volume  |m A14818211727 
998 f f |a ML156.9 .S86 1995  |t 0  |l Remote Storage